000 00650 a2200205 4500
001 115226
020 _a9788502618497
041 _apor
082 _a469
250 _a. ed.
697 _aDicionário - Língua portuguesa.
697 _aDicionário ilustrado
700 _aMeu primeiro dicionário Saraiva da língua portuguesa ilustrado.
856 _u000033/000033a0.jpeg
040 _aBR-BrIDEA
_cBR-BrIDEA
090 _aAP R 469
_bMEU
245 1 0 _aMeu primeiro dicionário Saraiva da língua portuguesa ilustrado
_cMeu primeiro dicionário Saraiva da língua portuguesa ilustrado
260 _aSão Paulo
_bSaraiva
_c2015
942 _cBK
999 _c115226
_d115226